000 00306nam a22001337a 4500
008 260323b ||||| |||| 00| 0 eng d
020 _a9789951053761
041 _aeng
080 _a821.11
100 _a25
101 _aprrallëza
245 _aLepurushi prej pushi
_cMargery Williams
942 _2udc
_cBK
999 _c60914
_d60914